| 000 | 00367nam a22001217a 4500 | ||
|---|---|---|---|
| 999 |
_c9391 _d9391 |
||
| 003 | OSt | ||
| 008 | 201203b ||||| |||| 00| 0 eng d | ||
| 245 | _aAsian Textile Journal | ||
| 250 | _a2011( Apr Vol.20 No.4, Jun Vol.20 No.6, Jul Vol.20 No.7, Aug Vol.20 No.8 ) | ||
| 260 |
_aMumbai _bSB Dyesprings [INDIA] Pvt. Ltd. |
||
| 650 | _aTextile Engineering | ||
| 942 |
_2ddc _cBV |
||